| 000 | 00972nas a2200313 4500 | ||
|---|---|---|---|
| 001 | BR2019001090 | ||
| 003 | BR-BrBNA | ||
| 005 | 20231205131756.0 | ||
| 007 | ta | ||
| 008 | 230509b bl.|||p| |||| 00| 00por d | ||
| 040 |
_aBR-BrBNA _bpor _cBiblioteca Nacional de Agricultura |
||
| 041 | _a(En) | ||
| 072 | _aH20; H01 | ||
| 100 | 1 | _aAlves, T.C. | |
| 100 | 1 | _aCunha, J.P.A.R. da | |
| 100 | 1 | _aTavares, R.M. | |
| 100 | 1 | _aAlves, G.S. | |
| 100 | 1 | _aSilva, S.M. | |
| 245 | 1 | _aFungicide application technology for controlling the sugarcane orange rust | |
| 650 | _aCANA DE AÇÚCAR | ||
| 650 | _aDOENÇA DE PLANTA | ||
| 650 | _aFERRUGEM ALARANJADA | ||
| 650 | _aFUNGICIDA | ||
| 650 | _aDEFESA VEGETAL | ||
| 773 | 0 |
_tPesquisa Agropecuária Tropical (Brazil) _xISSN 1983-4063 _g(2019), v. 49 p. 1-8 _wBR2019001090 |
|
| 856 | 4 | 0 | _uhttp://www.scielo.br/pdf/pat/v49/1983-4063-pat-49-e53386.pdf |
| 909 |
_a202311 _bLúcia _c55 _dLúcia Elande |
||
| 942 |
_2AGRIS _n0 _cANA |
||
| 999 |
_c256623 _d256623 |
||